| 000 | 00829nam a2200265 a 4500 | ||
|---|---|---|---|
| 008 | |||
| 020 | _a0901956554 (pbk.) | ||
| 049 | _aMAIN | ||
| 090 | _aTP908 | ||
| 100 | 1 | _aMadaras, G.W. | |
| 245 | 1 | 0 |
_aBatchwise dyeing of woven cellulosic fabrics : _ba practical guide / _cG.W. Madaras, G.J. Parish and J. Shore. |
| 260 |
_aBradford : _bSociety of Dyers and Colourists, _c1993. |
||
| 300 |
_a146 p. : _bill. ; _c21 cm. |
||
| 500 | _aIncludes index. | ||
| 504 | _aIncludes bibliographical references. | ||
| 653 | 0 |
_aFabrics _aColouring agents |
|
| 700 | 1 | _aParish, G.J. | |
| 700 | 1 | _aShore, J. | |
| 710 | 2 | _aSociety of Dyers and Colourists. | |
| 907 |
_a.b10068508 _b28-05-13 _c17-04-03 |
||
| 003 | |||
| 005 | 20230123133243.0 | ||
| 040 | _cNUST | ||
| 942 |
_cBOOKS _kTP908 |
||
| 999 |
_c145414 _d145414 |
||